Funny Canadian Laws Quiz Stats

 Plays Quiz Updated Jul 26, 2018

Score 0/25 Timer 05:00
1 Play Today
% Correct
Duel
90.5%
Internet
90.1%
Parrot
89%
Ice Cream
88.3%
Water
88.2%
French
87.4%
Adhesive Bandage
86.8%
Paint
85.7%
Wooden-legged
85%
Contact Lenses
84.7%
Shoes
84.6%
Taxi
84.3%
Balloon Animals
83.6%
% Correct
Sleigh
79.5%
Rats
78.7%
Whistle
77.6%
Purple
75.2%
Horses
75%
Foreigner
71.4%
Snake
70.4%
Tree
68.4%
Siren
66.2%
Wooden Ladder
57.3%
Sasquatch
52.4%
Stove
49.8%

You're not logged in!

Compare scores with friends on all Sporcle quizzes.
OR
Log In

Sporcle TV

Today on Sporcle TV


Watch our educational content, quiz creation guides, and fun videos on Sporcle TV.

Show Comments

Extras

Top Quizzes Today


Score Distribution

Your Account Isn't Verified!

In order to create a playlist on Sporcle, you need to verify the email address you used during registration. Go to your Sporcle Settings to finish the process.

Report this User

Report this user for behavior that violates our Community Guidelines.

Details: